Ako komunikovať s "digitálnou" generáciou diplomová práca

Salvato in:
Dettagli Bibliografici
Autore principale: Horváthová, Veronika
Ente Autore: Obchodná fakulta EU. Katedra marketingu
Altri autori: Labská, Helena
Natura: Libro
Lingua:slovacco
Pubblicazione: Bratislava 2014
Tags: Aggiungi Tag
Nessun Tag, puoi essere il primo ad aggiungerne!!

MARC

LEADER 00000nbm a2200000 4500
001 0186111
005 20170201094917.1
041 0 |a slo 
044 |a SK 
245 1 0 |a Ako komunikovať s "digitálnou" generáciou  |b diplomová práca  |c Veronika Horváthová ; školiteľ: Helena Labská 
264 1 |a Bratislava  |c 2014 
300 |a 96 s. 
100 1 |a Horváthová, Veronika 
700 1 |a Labská, Helena 
710 2 |a Obchodná fakulta EU. Katedra marketingu